书目信息 |
| 题名: |
呼啸山庄
|
|
| 作者: | 艾米莉 著 | |
| 分册: | ||
| 出版信息: | 北京 外语教学与研究出版社 1992.08 |
|
| 页数: | 289页 | |
| 开本: | 32开 | |
| 丛书名: | ||
| 单 册: | ||
| 中图分类: | H319.4:I | |
| 科图分类: | ||
| 主题词: | 英语 | |
| 电子资源: | ||
| ISBN: | 7-5600-0857-7 | |
| 000 | 00529nam0 2200193 45 | |
| 001 | 0009121652 | |
| 005 | 20000912165932.8 | |
| 010 | @a7-5600-0857-7@d9.90元 | |
| 100 | @a20000912d1992 km y0chiy0120 ea | |
| 101 | 0 | @achi |
| 105 | @a z 000yy | |
| 200 | 1 | @a呼啸山庄@AHu Xiao Shan Zhuang@f艾米莉著@FAi Mi Li Zhu |
| 210 | @a北京@c外语教学与研究出版社@d1992.08 | |
| 215 | @a289页@d32开 | |
| 606 | 0 | @a英语 |
| 690 | @aH319.4:I@v3 | |
| 701 | 0 | @a艾米莉@4著 |
| 801 | @aCN@bPftUser@c20000912 | |
| 905 | @b138308-312@dH319.4:I@eA454@f5 | |
| 呼啸山庄/艾米莉著.-北京:外语教学与研究出版社,1992.08 |
| 289页;32开 |
| ISBN 7-5600-0857-7:9.90元 |
| ● |
| 相关链接 |
|
|
|
正题名:呼啸山庄
索取号:H319.4:I/A454
 
预约/预借
| 序号 | 登录号 | 条形码 | 馆藏地/架位号 | 状态 | 备注 |
| 1 | 138308 | 201383083 | 语言库209/209语言库 52排6列1层/ [索取号:H319.4:I/A454] | 在馆 | |
| 2 | 138309 | 201383092 | 语言库209/209语言库 52排6列1层/ [索取号:H319.4:I/A454] | 在馆 | |
| 3 | 138310 | 201383109 | 自科二线504/504自科库 14排1列2层/ [索取号:H319.4:I/A454] | 在馆 | |
| 4 | 138311 | 201383118 | 语言库209/209语言库 52排6列1层/ [索取号:H319.4:I/A454] | 在馆 | |
| 5 | 138312 | 201383127 | 语言库209/209语言库 52排6列1层/ [索取号:H319.4:I/A454] | 在馆 |